Top 15 Covid-19 getroffen landen - 13 juni - Statistieken

Algemene statistieken
  • Deze quiz is 2 keer genomen
  • De gemiddelde score is 9 van 26
Antwoordstatistieken
land % Correct
Zweden
100%
Brazilië
50%
Duitsland
50%
Frankrijk
50%
Ierland
50%
India
50%
Italië
50%
Mexico
50%
Pakistan
50%
Peru
50%
Qatar
50%
Rusland
50%
Spanje
50%
Turkije
50%
Verenigde Staten
50%
Verenigd Koninkrijk
50%
Wit-Rusland
50%
Armenië
0%
Bahrein
0%
België
0%
Chili
0%
Chili
0%
Iran
0%
Koeweit
0%
Panama
0%
Singapore
0%
Geen overeenkomende quizzen gevonden
Scoreverdeling
Procent van Mensen met Elke Score
Percentiel versus Aantal Correcte Antwoorden
Uw Scoregeschiedenis
U heeft deze quiz nog niet genomen